[Event "Ostersund Hurtigfeiden op"]
[Site "Ostersund"]
[Date "2016.09.11"]
[Round "6"]
[White "Andersson, Sven Olof"]
[Black "Soraker, Rune"]
[Result "1/2-1/2"]
[WhiteElo "2037"]
[BlackElo "1685"]
[PlyCount "68"]
[EventDate "2016.09.11"]
[EventType "swiss"]
[EventRounds "7"]
[EventCountry "SWE"]
[SourceTitle "CBM 174 Extra"]
[Source "ChessBase"]
[SourceDate "2016.10.10"]
[SourceVersion "1"]
[SourceVersionDate "2016.10.10"]
[SourceQuality "1"]

1. d4 d5 2. Nf3 Nf6 3. Bf4 e6 4. e3 Bd6 5. Bd3 Bxf4 6. exf4 0-0 7. 0-0 b6 8. Nbd2 Bb7 9. Ne5 c5 10. c3 Ne8 11. Qh5 g6 12. Qh3 Ng7 13. Rfe1 Nd7 14. Ndf3 Nxe5 15. fxe5 Nh5 16. Qg4 Bc8 17. Ng5 f5 18. Qh4 c4 19. Be2 h6 20. Nf3 Qxh4 21. Nxh4 Nf4 22. g3 Nxe2+ 23. Rxe2 Kg7 24. Ng2 g5 25. f4 g4 26. Ne3 h5 27. Kg2 Bb7 28. h3 Rh8 29. hxg4 hxg4 30. Rh1 Rxh1 31. Kxh1 Rh8+ 32. Kg2 b5 33. a3 a5 34. Re1 a4 1/2-1/2

[Event "Ostersund Hurtigfeiden op"]
[Site "Ostersund"]
[Date "2016.09.11"]
[Round "2"]
[White "Lund, Terje"]
[Black "Soraker, Rune"]
[Result "1-0"]
[WhiteElo "2053"]
[BlackElo "1685"]
[PlyCount "51"]
[EventDate "2016.09.11"]
[EventType "swiss"]
[EventRounds "7"]
[EventCountry "SWE"]
[SourceTitle "CBM 174 Extra"]
[Source "ChessBase"]
[SourceDate "2016.10.10"]
[SourceVersion "1"]
[SourceVersionDate "2016.10.10"]
[SourceQuality "1"]

1. d4 d5 2. c4 c6 3. Nf3 Nf6 4. e3 e6 5. Nc3 Be7 6. Bd3 Nbd7 7. 0-0 0-0 8. b3 b6 9. Bb2 Bb7 10. Qe2 a5 11. Rfd1 Bb4 12. a3 Bxc3 13. Bxc3 c5 14. Ne5 Ne4 15. Bxe4 dxe4 16. dxc5 Bc8 17. Nxd7 Bxd7 18. c6 Qg5 19. cxd7 Rad8 20. b4 f5 21. bxa5 bxa5 22. Bxa5 f4 23. Bxd8 Rxd8 24. exf4 Qxf4 25. c5 Qf6 26. Rac1 1-0

[Event "Ostersund Hurtigfeiden op"]
[Site "Ostersund"]
[Date "2016.09.11"]
[Round "5"]
[White "Soraker, Rune"]
[Black "Larsson, Per Olov"]
[Result "0-1"]
[WhiteElo "1685"]
[BlackElo "1960"]
[PlyCount "104"]
[EventDate "2016.09.11"]
[EventType "swiss"]
[EventRounds "7"]
[EventCountry "SWE"]
[SourceTitle "CBM 174 Extra"]
[Source "ChessBase"]
[SourceDate "2016.10.10"]
[SourceVersion "1"]
[SourceVersionDate "2016.10.10"]
[SourceQuality "1"]

1. e4 c5 2. Nf3 d6 3. d4 cxd4 4. Nxd4 Nf6 5. Nc3 a6 6. Bc4 e6 7. Bg5 Be7 8. Bb3 0-0 9. 0-0 b5 10. Re1 Qb6 11. Qd2 Bb7 12. Bxf6 Bxf6 13. Nf3 Rd8 14. Qe3 Qxe3 15. Rxe3 Nc6 16. Rae1 Rac8 17. Rd1 Ne5 18. Nxe5 Bxe5 19. g3 Bf6 20. f3 Kf8 21. Kg2 Ke7 22. Red3 Be5 23. f4 Bxc3 24. Rxc3 Bxe4+ 25. Kf2 Rxc3 26. bxc3 Rc8 27. Ke3 Bf5 28. Kd2 a5 29. a4 bxa4 30. Bxa4 d5 31. Rb1 Rc7 32. Rb5 Ra7 33. Ke3 Kf6 34. Kd4 Rc7 35. Rc5 Rxc5 36. Kxc5 g5 37. fxg5+ Kxg5 38. Kd4 f6 39. Ke3 Kg4 40. Kf2 h5 41. Kg2 Be4+ 42. Kg1 Kf3 43. Be8 Bxc2 44. Bxh5+ Ke3 45. Bf7 Bf5 46. h4 Kd3 47. h5 a4 48. h6 a3 49. h7 Bxh7 50. Bxe6 a2 51. Bxd5 a1Q+ 52. Kg2 Be4+ 0-1